00295nam a2200109Ia 4500008004100000041000800041082002200049100001400071245005400085260003700139300000900176230411s9999 xx 000 0 und d aeng aPY/150/CLE/B07777 aClement I aTextbook on Psychology for Post Basic BSc Nursing bJaypee BrothersaNew Delhic2014 a546p